A la orilla del viento [disco compacto] / (Record no. 33770)

MARC details
000 -CABECERA
campo de control de longitud fija 00769ngm a2200193 a 4500
005 - FECHA Y HORA DE LA ÚLTIMA TRANSACCIÓN
campo de control 20250527063803.0
008 - ELEMENTOS DE LONGITUD FIJA--INFORMACIÓN GENERAL
campo de control de longitud fija 991125s1994 mx 053 d daspa u
035 ## - NÚMERO DE CONTROL DEL SISTEMA
Número de control de sistema UPN01000033770
049 ## - COLECCIÓN
Colección AV
099 ## - CLASIFICACIÓN LOCAL
Clasificación local CD ML 0001
100 1# - ASIENTO PRINCIPAL--NOMBRE PERSONAL
Nombre de persona Huesca, Gabriela
245 10 - MENCIÓN DE TÍTULO
Título A la orilla del viento [disco compacto] /
Mención de responsabilidad, etc. Gabriela Huesca.
260 ## - PUBLICACIÓN, DISTRIBUCIÓN, ETC.
Lugar de publicación, distribución, etc. México :
Nombre del editor, distribuidor, etc. FCE,
Fecha de publicación, distribución, etc. 1994.
300 ## - DESCRIPCIÓN FÍSICA
Extensión 1 disco compacto (53:09 min.)
505 8# - NOTA DE CONTENIDO CON FORMATO PREESTABLECIDO
Nota de contenido con formato Contenido: 1. A la orilla del viento [3.50] -- 2. El agugero negro [3.23] --3. Me gustan los libros [1.48] -- 4. Hay un ratón en la casa [3.42] -- 5. Saguairu [4.00] -- 6.Amadís de anís - amadís de codorniz [3.40] -- 7. Cuando
650 #2 - ASIENTO SECUNDARIO DE MATERIA - TERMINO TEMATICO
Término de materia o nombre geográfico como elemento de entrada Canciones infantiles
9 (RLIN) 5682
650 #4 - ASIENTO SECUNDARIO DE MATERIA - TERMINO TEMATICO
Término de materia o nombre geográfico como elemento de entrada Cuentos infantiles
9 (RLIN) 6744
905 ## - TIPO DE MATERIAL
Tipo de material Audiovisuales
Holdings
Estado de retiro Estado de pérdida Fuente del sistema de clasificación o colocación Estado dañado No para préstamo Código de colección Localización permanente Ubicación/localización actual Ubicación en estantería Total de préstamos Clasificación Código de barras Fecha visto por última vez Número de copia Tipo de ítem Koha
    Library of Congress Classification     Audiovisuales Bib. Gregorio Torres Quintero Bib. Gregorio Torres Quintero Audiovisual   CD ML 0001 CD0001 31/12/2020 1 Libro